Chemistry / (Record no. 215)

MARC details
000 -LEADER
fixed length control field 00495nam a2200181 i 4500
020 ## - INTERNATIONAL STANDARD BOOK NUMBER
ISBN 0155064703
050 00 - CALL NUMBER
Classification number QD31.2
Item number .Y6
100 1# - AUTHOR
Personal name Yoder, Claude H.
245 10 - TITLE
Title Chemistry /
Statement of responsibility, etc Claude H. Yoder, Fred H. Suydam, Fred A. Snavely.
250 ## - EDITION
Edition statement 2d ed.
260 ## - PUBLICATION INFORMATION
Place of publication New York :
Name of publisher Harcourt Brace Jovanovich,
Year of publication c1980.
300 ## - DESCRIPTION
Number of Pages xvi, 876 p. :
Other physical details ill. ;
Dimensions 25 cm.
505 ## - FORMATTED CONTENTS NOTE
Table of Content INCLUDES INDEX
650 #0 - SUBJECTS
Topical Term Chemistry.
700 1# - OTHER AUTHORS
Personal name Suydam, Fred H.,
700 1# - OTHER AUTHORS
Personal name Snavely, Fred A.,
942 ## - ADDED ENTRY ELEMENTS (KOHA)
Koha item type Books
Holdings
Withdrawn status Lost status Home library Current library Date acquired Full call number Accession Number Koha item type
    Methodist University Library Wenchi Faculty Methodist University Library Wenchi Faculty 16/10/2017 QD31.2 .Y6 19651 Books
Copyright © 2026  MUG Library